Historia corográfica de la Nueva Andalucia

Gorde:
Xehetasun bibliografikoak
Egile nagusia: Caulín, Antonio (Egilea)
Formatua: Liburua
Hizkuntza:gaztelania
Argitaratua: Caracas Academia Nacional de la Historia 1992
Saila:Biblioteca del Nuevo Mundo
Gaiak:
Etiketak: Etiketa erantsi
Etiketarik gabe, Izan zaitez lehena erregistro honi etiketa jartzen!

MARC

LEADER 00000nam a2200000 a 4500
001 UCQ6793
003 CL-VaPUC
008 981023e19920000VE |||||||||||||||||spa|d
082 0 4 |a 987.03  |b CAU  |2 21 
100 0 |a Caulín, Antonio  |e author  |9 420701 
245 1 0 |a Historia corográfica de la Nueva Andalucia 
300 |a 482 p 
942 |c BK 
945 |d 19981023 00:00:00  |a mvenant 
260 |a Caracas  |b Academia Nacional de la Historia  |c 1992 
650 0 |a Historia  |9 255047 
650 0 |a Epoca colonial   |9 352022 
650 0 |a Misioneros  |9 324171 
650 7 |a EVANGELIZACION  |2 CL-VaPUC  |9 420702 
650 0 |a Descubrimientos geográficos  |9 331933 
651 0 |a Venezuela  |9 254993 
583 |a last modification  |c 19981023 00:00:00  |k Rodrigo Vera 
490 0 |a Biblioteca del Nuevo Mundo 
999 |c 276702  |d 276700 
952 |0 0  |1 0  |4 0  |6 987_030000000000000_CAU_1992  |7 0  |8 A  |9 314117  |a BIBHIS  |b BIBHIS  |d 2019-11-20  |i 347450K  |o 987.03 CAU 1992  |p 347450K  |r 2025-01-20  |w 2019-11-20  |y BK  |k HIS